000 00701nam a2200253Ia 4500
003 OSt
005 20220918205320.0
006 a|||||r|||| 00| 0
007 ta
008 220917b |||||||| |||| 00| 0 eng d
024 _a116,123
037 _cTextual
040 _aARTS
_cARTS
_beng
041 _2eng
_aeng
082 _aV630gY7, M1
100 _aHarrison David
245 0 _aWhite tribe of Africa
_b South Africa in perspective
260 _aBerkeley
_bUniv of California Press
_c1981
300 _avii,307p.
_ccm.
490 _aPerspective on Southern Africa; 31
650 _aHISTORY
942 _hV630gY7, M1
_cTEXL
_2CC
999 _c239451
_d239451